00612 2200217 4500001002100000005001500021035002000036007000300056008004100059020001800100082000800118084001200126100005100138245007500189260004500264300003100309650001100340700001900351990001200370990001200382INLIS00000000000173420180315091333 a0010-0318000077ta180315 g 0 ind  a9786020336978 a331 a331 INS0 aINSPIRASI, Batik Betawi Gaya Apik Batik Betawi1 aInspirasi Batik Betawi Gaya Apik Batik Betawi /ceditor, Nana Lystiani aJakarta :bGramedia Pustaka Utama,c2010 a82 hlm. :bilus. ;c24 cm. aFASION0 aNANA, Lystiani a16485 a a16485 b